000 00850nam a22001935i 4500
001 153694
003 ES-MaACL
005 20230906205339.0
008 051013s1889 sp | |||||||| ||spa d
040 _aCAM
_bspa
_cCAM
110 2 _aEscuela de Artes y Oficios (Bilbao)
_9134362
245 1 0 _aMemoria del curso de 1887 á 1888 leída por Federico de Borda /
_cEscuela de Artes y Oficios de Bilbao.
260 _aBilbao :
_b[s.n.],
_c1889 (
_fImprenta de la Casa de Misericordia)
300 _a40 p. ;
_c21 cm.
594 _aTít. en antep.: "Memoria leída en el acto de la repartición de premios á las alumnas y alumnos"
610 2 4 _aEscuela de Artes y Oficios (Bilbao)-
_vMemorias.
_9153306
700 1 _aBorda, Federico de.
_9126081
852 _aES-MaACL
_jT-567-F-4
_z-- Enc. hol., conservando la cub. original
_z-- Enc. en un vol. facticio
999 _c153694
_d153694